Nano-tribology and Materials in MEMS

This book brings together recent developments in the areas of MEMS tribology, novel lubricants and coatings for nanotechnological applications, biomimetics in tribology and fundamentals of micro/nano-tribology. Tribology plays important roles in the functioning and durability of machines at small le...

Full description

Bibliographic Details
Corporate Author: SpringerLink (Online service)
Other Authors: Sinha, Sujeet K. (Editor), Satyanarayana, N. (Editor), Lim, Seh Chun (Editor)
Format: Electronic eBook
Language:English
Published: Berlin, Heidelberg : Springer Berlin Heidelberg : Imprint: Springer, 2013.
Subjects:
Online Access:Full Text via HEAL-Link
LEADER 03344nam a22005055i 4500
001 978-3-642-36935-3
003 DE-He213
005 20151125162134.0
007 cr nn 008mamaa
008 130827s2013 gw | s |||| 0|eng d
020 |a 9783642369353  |9 978-3-642-36935-3 
024 7 |a 10.1007/978-3-642-36935-3  |2 doi 
040 |d GrThAP 
050 4 |a T174.7 
072 7 |a TDPB  |2 bicssc 
072 7 |a TEC027000  |2 bisacsh 
082 0 4 |a 620.5  |2 23 
245 1 0 |a Nano-tribology and Materials in MEMS  |h [electronic resource] /  |c edited by Sujeet K. Sinha, N. Satyanarayana, Seh Chun Lim. 
264 1 |a Berlin, Heidelberg :  |b Springer Berlin Heidelberg :  |b Imprint: Springer,  |c 2013. 
300 |a VIII, 275 p. 157 illus., 89 illus. in color.  |b online resource. 
336 |a text  |b txt  |2 rdacontent 
337 |a computer  |b c  |2 rdamedia 
338 |a online resource  |b cr  |2 rdacarrier 
347 |a text file  |b PDF  |2 rda 
505 0 |a Formation of arrayed Au nanoparticles on SiO2/Si substrate by use of dewetting phenomenon: An example of bottom-up technologies in MEMS -- Nanofriction by Reciprocating Sliding -- The structure and tribological behaviors of nanostructure thin films -- Detection of lateral forces and formation of atomic chains -- Reducing friction force on silicon surface using submicron- to atomic-scale geometry effects -- Microfabricated sleds for friction studies -- Vapor Phase Lubrication-Nanotribology Fundamentals and MEMS Applications -- A Novel Method of Lubrication of Micro-Electro-Mechanical Systems -- Robust Tribological Solutions for Silicon and Polymer Based MEMS/NEMS -- Lubrication of High Sliding MEMS -- Pre-modifications of Si surface to enhance the wear durability of PFPE nano-lubricant -- Probing the complexities of Friction in submicron contacts between two pristine surfaces -- Atomistic Simulation of Polymer Nanotribology -- Simulation of frictional behavior of polymer-on-polymer sliding -- Fundamentals of friction and wear mechanisms at loads relevant to MEMS applications. 
520 |a This book brings together recent developments in the areas of MEMS tribology, novel lubricants and coatings for nanotechnological applications, biomimetics in tribology and fundamentals of micro/nano-tribology. Tribology plays important roles in the functioning and durability of machines at small length scales because of the problems associated with strong surface adhesion, friction, wear etc. Recently, a number of studies have been conducted to understand tribological phenomena at nano/micro scales and many new tribological solutions for MEMS have been proposed. 
650 0 |a Engineering. 
650 0 |a Nanotechnology. 
650 0 |a Mechatronics. 
650 0 |a Tribology. 
650 0 |a Corrosion and anti-corrosives. 
650 0 |a Coatings. 
650 1 4 |a Engineering. 
650 2 4 |a Nanotechnology and Microengineering. 
650 2 4 |a Tribology, Corrosion and Coatings. 
650 2 4 |a Mechatronics. 
700 1 |a Sinha, Sujeet K.  |e editor. 
700 1 |a Satyanarayana, N.  |e editor. 
700 1 |a Lim, Seh Chun.  |e editor. 
710 2 |a SpringerLink (Online service) 
773 0 |t Springer eBooks 
776 0 8 |i Printed edition:  |z 9783642369346 
856 4 0 |u http://dx.doi.org/10.1007/978-3-642-36935-3  |z Full Text via HEAL-Link 
912 |a ZDB-2-ENG 
950 |a Engineering (Springer-11647)